000 00532nam a22001817a 4500
005 20241209081221.0
008 241209b |||||||| |||| 00| 0 eng d
020 _a0702110965
041 _aEnglish
082 _a346.5 COR
100 _lEnglish
245 _aThe Law of Succession in South Africa /
_cMM Corbett et al.
250 _aFirst Edition
260 _aCape Town:
_bJuta and Company Ltd,
_c1980
300 _blvi ,739 pages;
_c25 cm.
650 _aLegal practice
_bLaw
942 _cBK
_6ALISON_BN_VRIES
999 _c3287
_d3287